Les meilleurs buteurs des champions du monde - Statistiques

Statistiques générales
  • Ce quiz a été pris 91 fois
  • Le résultat moyen est 11 sur 25
Statistiques - réponses
Année Pays Joueur Club au moment du sacre Dernier club % Correct
2022 Argentine Lionel Messi Paris Saint-Germain Inter Miami
100%
2018 France Antoine Griezmann Atletico Madrid Atletico Madrid
99%
2018 France Kylian Mbappé Paris Saint-Germain Real Madrid
98%
1974 Allemagne de l'Ouest Gerd Müller Bayern Munich Fort Lauderdale Strikers
95%
2014 Allemagne Thomas Müller Bayern Munich Bayern Munich
95%
1998 France Thierry Henry AS Monaco New York Red Bulls
86%
2002 Brésil Ronaldo Inter Milan Corinthians
85%
2010 Espagne David Villa Valence CF Vissel Kobe
73%
1958 Brésil Pelé Santos New York Cosmos
72%
1986 Argentine Diego Maradona SSC Napoli Boca Juniors
69%
1994 Brésil Romario FC Barcelone América RJ
48%
1962 Brésil Garrincha Botafogo Olaria
36%
1982 Italie Paolo Rossi Juventus Turin Hellas Vérone
33%
2006 Italie Luca Toni AC Fiorentina Hellas Vérone
30%
1990 Allemagne de l'Ouest Lothar Matthäus Inter Milan New York Red Bulls (à l'époque MetroStars)
24%
1978 Argentine Mario Kempes Valence CF Pelita Jaya FC
19%
1970 Brésil Jairzinho Botafogo Club 9 de Octubre
17%
2006 Italie Marco Materazzi Inter Milan Chennaiyin FC
17%
1962 Brésil Vava Palmeiras Portuguesa
10%
1966 Angleterre Geoff Hurst West Ham Cork Celtic
8%
1930 Uruguay Pedro Cea Club Nacional Club Nacional
2%
1934 Italie Angelo Schiavio Bologna FC Bologna FC
0%
1954 Allemagne de l'Ouest Max Morlock 1.FC Nürnberg 1. FC Nürnberg
0%
1950 Uruguay Oscar Miguez Peñarol Colon FC
0%
1938 Italie Silvio Piola Lazio Roma Novara FC
0%
Aucun quiz correspondant
Distribution des résultats
% des personnes avec chaque résultat
Percentile par nombre de réponses
Votre historique - résultats
Vous n’avez pas pris ce quiz